00288 a2200121 4500001000700000020001800007040003500025100001800060240003800078245003300116300000800149362000900157155496 a9788562936111 cEscola São Tomás de Aquino aHARDING, John10aA menina que não sabia lerlpor10aA menina que não sabia ler a2820 a2010